|
|
|
|
| LEADER |
01876cas a2200313 a 4500 |
| 001 |
AALejournalIMF020036 |
| 008 |
230101c9999 xx r poo 0 0eng d |
| 020 |
|
|
|c 5.00 USD
|
| 020 |
|
|
|z 9781498338165
|
| 022 |
|
|
|a 2663-3493
|
| 040 |
|
|
|a BD-DhAAL
|c BD-DhAAL
|
| 110 |
2 |
|
|a International Monetary Fund.
|
| 245 |
1 |
0 |
|a Classification of Low-Income Countries for the Purpose of Debt Limits in Fund-Supported Programs :
|b 2011 Update.
|
| 264 |
|
1 |
|a Washington, D.C. :
|b International Monetary Fund,
|c 2011.
|
| 300 |
|
|
|a 1 online resource (4 pages)
|
| 490 |
1 |
|
|a Policy Papers
|
| 500 |
|
|
|a <strong>Off-Campus Access:</strong> No User ID or Password Required
|
| 500 |
|
|
|a <strong>On-Campus Access:</strong> No User ID or Password Required
|
| 506 |
|
|
|a Electronic access restricted to authorized BRAC University faculty, staff and students
|
| 520 |
3 |
|
|a This short paper informs the Executive Board of staff's assessment of macroeconomic and public financial management capacity (henceforth 'capacity') in PRGT-eligible countries (henceforth 'low-income countries') with Fund-supported programs for the purpose of setting debt limits. Capacity plays an important role in the framework for debt limits. This framework includes a menu of options for concessionality requirements to reflect the diversity of situations in low-income countries (LICs). Eligibility for a particular option is related to an assessment of debt vulnerabilities and capacity.
|
| 538 |
|
|
|a Mode of access: Internet
|
| 650 |
|
7 |
|a Countries Eligibility
|2 imf
|
| 650 |
|
7 |
|a Country
|2 imf
|
| 650 |
|
7 |
|a Debt Limit
|2 imf
|
| 650 |
|
7 |
|a PP
|2 imf
|
| 650 |
|
7 |
|a Vulnerability Assessment
|2 imf
|
| 651 |
|
7 |
|a Burkina Faso
|2 imf
|
| 830 |
|
0 |
|a Policy Papers; Policy Paper ;
|v No. 2011/060
|
| 856 |
4 |
0 |
|z Full text available on IMF
|u http://elibrary.imf.org/view/journals/007/2011/060/007.2011.issue-060-en.xml
|z IMF e-Library
|